000 00425nam a22001457a 4500
020 _a0905435575
082 _a005.133B
_bHOL
_cMCE, L-2,p-95
245 _aBasic Programming
_cHolmes, B.J.
250 _a2nd
260 _aBritain
_bEnglish Lanaguage Book Society / DP Publications
_c1982
300 _axi, 275 p. :
_bill. ;
_c24 cm.
526 _a0
_b0
_c0
_d005_000000000000000_133B_HOL
650 _aMCE
_9379
942 _2ddc
_cBK
999 _c541677
_d541677